| Tag |
First Indicator |
Second Indicator |
Subfields |
| LEADER |
00000cam a2200000 i 4500 |
| 001 |
in00000089624 |
| 005 |
20151008065439.0 |
| 008 |
801027s1980 vau b 00010 eng d |
| 035 |
|
|
|a (OCoLC)06868262
|
| 035 |
|
|
|9 AAK5964AM
|
| 040 |
|
|
|a TMI
|c TMI
|d TXA
|d UtOrBLW
|
| 043 |
|
|
|a n-us---
|
| 049 |
|
|
|a TXAM
|c [1655567]
|
| 090 |
|
|
|a LC3993.9
|b .G768
|
| 100 |
1 |
|
|a Grossi, John A.
|
| 245 |
1 |
0 |
|a Model state policy, legislation and state plan toward the education of gifted and talented students :
|b a handbook for state and local districts /
|c John A. Grossi.
|
| 264 |
|
1 |
|a Reston, Va. :
|b Council for Exceptional Children,
|c 1980.
|
| 300 |
|
|
|a viii, 224 pages ;
|c 28 cm.
|
| 336 |
|
|
|a text
|b txt
|2 rdacontent
|
| 337 |
|
|
|a unmediated
|b n
|2 rdamedia
|
| 338 |
|
|
|a volume
|b nc
|2 rdacarrier
|
| 500 |
|
|
|a "Prepared pursuant to contract number 300-78-0509 from the Office of Gifted and Talented, U.S. Office of Education, Dept. of Health, Education and Welfare." -- verso.
|
| 504 |
|
|
|a Bibliography: pages 222-224.
|
| 650 |
|
0 |
|a Gifted children
|x Education
|z United States.
|
| 650 |
|
0 |
|a Special education
|z United States.
|
| 650 |
|
0 |
|a Mainstreaming in education.
|
| 999 |
|
|
|a MARS
|
| 999 |
f |
f |
|s fc93ea4a-22ea-355e-975a-6956d4606024
|i 10279303-bf1a-3049-a0c9-01c08bc0d712
|t 0
|
| 952 |
f |
f |
|p normal
|a Texas A&M University
|b College Station
|c Sterling C. Evans Library
|d Evans: Library Stacks
|t 0
|e LC3993.9 .G768
|h Library of Congress classification
|i unmediated -- volume
|m A14806164134
|
| 998 |
f |
f |
|a LC3993.9 .G768
|t 0
|l Evans: Library Stacks
|